[Event "Dresden ZMD op"]
[Site "Dresden"]
[Date "2007.07.24"]
[Round "4"]
[White "Schaburov, Vladimir"]
[Black "Guenther, Thomas"]
[Result "0-1"]
[WhiteElo "2003"]
[BlackElo "2171"]
[PlyCount "118"]
[EventDate "2007.07.21"]
[EventType "swiss"]
[EventRounds "9"]
[EventCountry "GER"]
[SourceTitle "EXT 2008"]
[Source "ChessBase"]
[SourceDate "2007.11.25"]
[SourceVersion "1"]
[SourceVersionDate "2007.11.25"]
[SourceQuality "1"]

1. d4 Nf6 2. c4 e6 3. Nc3 d5 4. Bg5 Nbd7 5. cxd5 exd5 6. e3 c6 7. Bd3 Be7 8. Nf3 Nf8 9. Qc2 Ne6 10. Bh4 g6 11. 0-0 Ng7 12. Bxf6 Bxf6 13. b4 a6 14. Rab1 0-0 15. Rfc1 Bf5 16. Na4 Bxd3 17. Qxd3 Nf5 18. Nc5 Nd6 19. a4 Qe7 20. a5 Bg7 21. Re1 f5 22. h4 h6 23. g3 Bf6 24. Kg2 Kg7 25. Nd2 g5 26. hxg5 hxg5 27. g4 Qf7 28. gxf5 Rh8 29. Ne6+ Kg8 30. f3 Qh7 31. Rh1 Qxf5 32. Rxh8+ Kxh8 33. Rh1+ Kg8 34. Qxf5 Nxf5 35. Kf2 Re8 36. Nxg5 Nxe3 37. Rg1 Bxg5 38. Rxg5+ Kf8 39. f4 Nc2 40. Nf3 Re4 41. Kg3 Nxd4 42. Nxd4 Rxd4 43. Kg4 Rxb4 44. Kf5 Re4 45. Rh5 Re7 46. Rh8+ Kg7 47. Rd8 Kf7 48. Kg5 Re8 49. Rd7+ Ke6 50. Rxb7 Rg8+ 51. Kh6 Kf5 52. Rf7+ Ke4 53. Rc7 Kxf4 54. Rxc6 d4 55. Rxa6 Rd8 56. Rf6+ Ke5 57. Rf4 d3 58. a6 Rd6+ 59. Kg5 Rxa6 0-1

[Event "Dresden ZMD op"]
[Site "Dresden"]
[Date "2007.07.22"]
[Round "2"]
[White "Schaburov, Vladimir"]
[Black "Horstmann, Olaf"]
[Result "0-1"]
[WhiteElo "2003"]
[BlackElo "2218"]
[PlyCount "84"]
[EventDate "2007.07.21"]
[EventType "swiss"]
[EventRounds "9"]
[EventCountry "GER"]
[SourceTitle "EXT 2008"]
[Source "ChessBase"]
[SourceDate "2007.11.25"]
[SourceVersion "1"]
[SourceVersionDate "2007.11.25"]
[SourceQuality "1"]

1. d4 f5 2. c4 Nf6 3. Nf3 g6 4. b4 Bg7 5. Bb2 d6 6. g3 0-0 7. Bg2 c6 8. Nbd2 Bd7 9. 0-0 Na6 10. a3 Nc7 11. Qc2 Qe8 12. a4 h6 13. Nh4 e5 14. dxe5 dxe5 15. e4 f4 16. gxf4 Nh5 17. f5 Nf4 18. Nxg6 Nxg6 19. fxg6 Rf4 20. f3 Qxg6 21. Rf2 Ne6 22. Kh1 Qh5 23. Nf1 Ng5 24. Ng3 Qh4 25. Bc1 Raf8 26. Be3 Nxf3 27. Rxf3 Rxf3 28. Bxf3 Rxf3 29. Bf2 Qf4 30. Bxa7 Bg4 31. Qc1 Rd3 32. Qxf4 exf4 33. Re1 fxg3 34. hxg3 Bc3 35. Re3 Rxe3 36. Bxe3 Bxb4 37. Kg2 h5 38. c5 Kf7 39. Bd4 Ke6 40. Kf2 Bd2 41. Kg2 Be1 42. Kh2 Bf3 0-1

[Event "Leutersdorf Muench Braeu op 11th"]
[Site "Leutersdorf"]
[Date "2006.02.12"]
[Round "2"]
[White "Schaburov, Vladimir"]
[Black "Reh, Rebecca"]
[Result "1-0"]
[WhiteElo "1954"]
[BlackElo "1634"]
[PlyCount "81"]
[EventDate "2006.02.11"]
[EventType "swiss"]
[EventRounds "9"]
[EventCountry "GER"]
[SourceTitle "CBM 110 Extra"]
[Source "ChessBase"]
[SourceDate "2006.03.10"]
[SourceVersion "2"]
[SourceVersionDate "2006.03.10"]
[SourceQuality "1"]

1. d4 Nf6 2. c4 g6 3. Nc3 Bg7 4. e4 d6 5. Bg5 h6 6. Bf4 Nh5 7. Be3 0-0 8. g4 Nf6 9. h3 e5 10. d5 a5 11. a3 Na6 12. b4 axb4 13. axb4 Bd7 14. Rb1 Ne8 15. Qd2 Kh7 16. Bd3 Qc8 17. Nge2 Rh8 18. f3 Kg8 19. Ng3 Qd8 20. h4 Rc8 21. h5 g5 22. 0-0 Nf6 23. c5 Ra8 24. Qe2 Qc8 25. c6 bxc6 26. dxc6 Be6 27. Bc4 Kh7 28. Nd5 Bxd5 29. exd5 Re8 30. Ne4 Nxe4 31. fxe4 f6 32. Kg2 Nb8 33. b5 Ra4 34. Kg3 Re7 35. Ra1 Rxa1 36. Rxa1 Qd8 37. Ra8 Qf8 38. Qf3 Kg8 39. Qf5 Re8 40. b6 Qe7 41. Ra7 1-0

[Event "Leutersdorf Muench Braeu op 09th"]
[Site "Leutersdorf"]
[Date "2004.02.11"]
[Round "8"]
[White "Schaburov, Vladimir"]
[Black "Slawtschew, Slavtscho"]
[Result "0-1"]
[WhiteElo "2000"]
[BlackElo "1697"]
[PlyCount "50"]
[EventDate "2004.02.07"]
[EventType "swiss"]
[EventRounds "9"]
[EventCountry "GER"]
[SourceTitle "CBM 098 Extra"]
[Source "ChessBase"]
[SourceDate "2004.03.10"]
[SourceVersion "2"]
[SourceVersionDate "2004.03.10"]
[SourceQuality "1"]

1. d4 Nf6 2. c4 g6 3. Nc3 Bg7 4. e4 d6 5. Nf3 0-0 6. h3 Nbd7 7. Be3 e5 8. Qc2 Qe7 9. dxe5 Nxe5 10. Nxe5 Qxe5 11. Bd3 Nh5 12. 0-0-0 Nf4 13. Bf1 f5 14. Bd4 Qe7 15. Bxg7 Qxg7 16. g3 Ne6 17. f4 Nc5 18. Bg2 Re8 19. b4 Nxe4 20. Bxe4 fxe4 21. g4 Qf7 22. Ne2 Be6 23. f5 Bxc4 24. fxg6 hxg6 25. Rhf1 Bd3 0-1

[Event "Leutersdorf Muench Braeu op 09th"]
[Site "Leutersdorf"]
[Date "2004.02.11"]
[Round "9"]
[White "Schaburov, Vladimir"]
[Black "Suliga, Eckhard"]
[Result "1-0"]
[WhiteElo "2000"]
[BlackElo "1710"]
[PlyCount "76"]
[EventDate "2004.02.07"]
[EventType "swiss"]
[EventRounds "9"]
[EventCountry "GER"]
[SourceTitle "CBM 098 Extra"]
[Source "ChessBase"]
[SourceDate "2004.03.10"]
[SourceVersion "2"]
[SourceVersionDate "2004.03.10"]
[SourceQuality "1"]

1. d4 Nf6 2. c4 e6 3. Nf3 b6 4. g3 Bb7 5. Bg2 Be7 6. 0-0 0-0 7. Nc3 Ne4 8. Qc2 Nxc3 9. Qxc3 f5 10. Re1 Bf6 11. Be3 Nc6 12. Qd2 Ne7 13. Rac1 d6 14. Ng5 Bxg5 15. Bxb7 Rb8 16. Bg2 Bxe3 17. Qxe3 Rf6 18. Qa3 a5 19. f4 Rc8 20. Qe3 Qe8 21. b3 Ng6 22. c5 d5 23. cxb6 cxb6 24. Rxc8 Qxc8 25. Rc1 Qb7 26. Qc3 Rf7 27. e3 Nf8 28. Bf1 Re7 29. Bb5 Kf7 30. Qd3 h6 31. Ba6 Qa7 32. Rc3 Nh7 33. Bb5 Nf6 34. h3 Ne8 35. g4 g6 36. Qd1 Nc7 37. Be2 Qb7 38. Rc2 Re8 1-0

[Event "Leutersdorf Muench Braeu op 09th"]
[Site "Leutersdorf"]
[Date "2004.02.08"]
[Round "2"]
[White "Schaburov, Vladimir"]
[Black "Nguyen, Hoa My"]
[Result "1/2-1/2"]
[WhiteElo "2000"]
[BlackElo "1577"]
[PlyCount "65"]
[EventDate "2004.02.07"]
[EventType "swiss"]
[EventRounds "9"]
[EventCountry "GER"]
[SourceTitle "CBM 098 Extra"]
[Source "ChessBase"]
[SourceDate "2004.03.10"]
[SourceVersion "2"]
[SourceVersionDate "2004.03.10"]
[SourceQuality "1"]

1. d4 Nf6 2. Nf3 c5 3. d5 d6 4. Nc3 g6 5. g3 Bg7 6. Bg2 0-0 7. 0-0 Bd7 8. a4 Na6 9. Nd2 Nc7 10. Nc4 Ng4 11. Re1 Rb8 12. h3 Ne5 13. Nd2 f5 14. f4 Nf7 15. Ra3 e5 16. dxe6 Nxe6 17. Nd5 Nc7 18. c4 Nxd5 19. Bxd5 Bc6 20. Nf3 Kh8 21. Rd3 Qd7 22. b3 Rbe8 23. Qd2 Re7 24. Bb2 Bxd5 25. Bxg7+ Kxg7 26. Rxd5 Rd8 27. Kf2 a6 28. Rd1 Rde8 29. Qc3+ Kg8 30. R1d2 Qc6 31. Kf1 Re3 32. R5d3 R3e7 33. Kf2 1/2-1/2